Score 0/21 Timer 04:00
1 Play Today
Hint Answer % Correct
PPaschal, Paul, Pelagius, Peter, Philip, Pius, Pontian, Pride
94.5%
JJames, John, Judas, Julius
92.6%
GGelasius, Gluttony, Greed, Gregory
90.7%
SSabinian, Sergius, Severinus, Silverius, Simon, Simplicius, Siricius, Sisinnius, Sixtus, Sloth, Soter, Stephen, Sylvester, Symmachus
87.1%
LLando, Leo, Levi, Liberius, Linus, Lucius, Lust
84.3%
BBartholomew, Benedict, Boniface
80%
MMarcellinus, Marcellus, Marinus, Mark, Martin, Matthew, Matthias, Miltiades
76.1%
AAdeodatus, Adrian, Agapetus, Agatho, Alexander, Anacletus, Anastasius, Andrew, Anicetus, Anterus
72.8%
EEleuterus, Envy, Eugene, Eusebius, Eutychian, Evaristus
71.8%
FFabian, Felix, Formosus, Francis
70%
TTelesphorus, Thaddaeus, Theodore, Thomas
64.1%
Hint Answer % Correct
WWrath
62.2%
UUrban
55.4%
IInnocent
44.7%
VValentine, Victor, Vigilius, Vitalian
42.8%
ZZachary, Zephyrinus, Zosimus
34.6%
CCaius, Callixtus, Celestine, Clement, Conon, Constantine, Cornelius
34.2%
NNicholas
32.1%
HHilarius, Honorius, Hormisdas, Hyginus
14.1%
DDamasus, Dionysius, Donus
10.1%
RRomanus
6.7%
Remove Ads.
Support Sporcle.
Get the best of Sporcle when you Go Orange. This ad-free experience offers more features, more stats, and more fun while also helping to support Sporcle. Thank you for becoming a member.

You're not logged in!

Compare scores with friends on all Sporcle quizzes.
OR
Log In

Sporcle TV

Today on Sporcle TV


Watch our educational content, quiz creation guides, and fun videos on Sporcle TV.

Show Comments

Extras

Top Quizzes Today


Score Distribution

Paid Content

Your Account Isn't Verified!

In order to create a playlist on Sporcle, you need to verify the email address you used during registration. Go to your Sporcle Settings to finish the process.

Report this User

Report this user for behavior that violates our Community Guidelines.

Details: